Los tratados internacionales (Record no. 37592)

MARC details
000 -LEADER
campo de control de longitud fija 00570nam a2200181 i 4500
001 - NÚMERO DE CONTROL
campo de control 37592
003 - IDENTIFICADOR DE NÚMERO DE CONTROL
campo de control ES-MaACL
005 - FECHA Y HORA DE LA ÚLTIMA TRANSACCIÓN
campo de control 20251209063021.0
007 - CAMPO FIJO DE DESCRIPCIÓN FÍSICA--INFORMACIÓN GENERAL
campo de control de longitud fija t|
008 - DATOS DE LONGITUD FIJA--INFORMACIÓN GENERAL
campo de control de longitud fija 030221s1962 sp ||||1| spa d
100 0# - ENTRADA PRINCIPAL--NOMBRE DE PERSONA
Nombre de persona Caballero, Ezequiel
9 (RLIN) 33093
245 14 - MENCIÓN DEL TÍTULO
Título Los tratados internacionales
Resto del título : la importancia de la nacionalidad de sus destinatarios /
Mención de responsabilidad, etc. Ezequiel Caballero.
260 ## - PUBLICACIÓN, DISTRIBUCIÓN, ETC.
Lugar de publicación, distribución, etc. Madrid :
Nombre del editor, distribuidor, etc. Rialp,
Fecha de publicación, distribución, etc. 1962.
300 ## - DESCRIPCIÓN FÍSICA
Extensión 231 p. ;
Dimensiones 25 cm.
650 #4 - PUNTO DE ACCESO ADICIONAL DE MATERIA--TÉRMINO DE MATERIA
Término de materia o nombre geográfico como elemento de entrada Tratados internacionales.
9 (RLIN) 136948
852 ## - LOCALIZACIÓN
Ubicación ES-MaACL
Número de control de estantería A-2199
Sublocalización o colección R.49313
Holdings
Estatus retirado Estado de pérdida Estado de daño No para préstamo Biblioteca de origen Biblioteca actual Ubicación en estantería Fecha de adquisición Fuente de adquisición Total de préstamos Signatura topográfica completa Código de barras Visto por última vez Precio de reemplazo Tipo de ítem Koha
        Biblioteca del Ateneo de Madrid Biblioteca del Ateneo de Madrid Sala Pecera Planta 1 17/01/2008     A-2199 1039572 23/02/2023 23/02/2023 Libro impreso